NewJeans Charting Songs (Billboard Hot 100) - Statistics

General Stats
  • This quiz has been taken 116 times
    113 since last reset
  • The average score is 4 of 5
Answer Stats
Album Weeks On Peak Artist(s) Song % Correct
Get Up 8 Weeks #48 NewJeans Super Shy
94%
OMG 7 Weeks #74 NewJeans OMG
92%
OMG 5 Weeks #82 NewJeans Ditto
90%
Get Up 1 Week #81 NewJeans ETA
81%
Get Up 1 Week #93 NewJeans Cool With You
57%
No matching quizzes found
Score Distribution
Percent of People with Each Score
Percentile by Number Answered
Your Score History
You have not taken this quiz since the last reset